00738nam a2200217 a 450000100060000000300090000600800410001502000180005604000280007408200100010210000320011224500430014426000230018730000090021050500430021965000290026265000430029194200120033499900170034695201570036323015CO-ViMGA141112s2004 ck r 000 u spa d a9789584502469 aCO-ViMGAbspacCO-ViMGA04aMACHt1 aMachado, Ana Marìa91593610aLa tortuga sabia y el mono entrometido aColombia : bNorma a32p. aLa tortuga sabia y el mono entrometido14aCUENTOS INFANTILES9274314aCUENTOS INFANTILES BRASILEÑOS 92375 2ddccBK c31301d31301 00102ddc40708008aMEVIECARbMEVIECARd2015-12-04hVolumen. 1 | 15/nov/2009l1oMACHt p23015r2017-05-24 00:00:00s2017-05-08tEj. 1w2015-12-04yBK